Guía oficial de Uxmal /

में बचाया:
ग्रंथसूची विवरण
मुख्य लेखक: Ruz Lhuillier, Alberto (texto)
स्वरूप: पुस्तक
भाषा:स्पेनिश
प्रकाशित: México : INAH, 1966, c1966
टैग: टैग जोड़ें
कोई टैग नहीं, इस रिकॉर्ड को टैग करने वाले पहले व्यक्ति बनें!

MARC

LEADER 00000nam^a2200000^a^4500
001 000556443
005 20250526000000.0
009 20260310131740.339
037 |a Acervo ITESO - Biblioteca 
041 |a ESP 
091 |a FHA. 01378 
100 |a Ruz Lhuillier, Alberto  |e (texto) 
245 1 0 |a Guía oficial de Uxmal / 
264 4 |a México :  |b INAH,  |c 1966, c1966 
300 |a 53 p. ;  |c 20.0 cm. 
336 |a texto  |b txt  |2 rdacontenido 
337 |a sin mediación  |b n  |2 rdamedio 
338 |a volumen  |b nc  |2 rdasoporte 
515 |a Inventario familia Hartung: 1715 
649 |a XX 
910 |a Fondo Horst Hartung Franz 
920 |a Impresos - Libros 
930 |a Libros Antiguos y Raros 
905 |a 135 
901 |a 0500330735  |b IT2  |c LRA  |i D  |u 20250526 
902 |a https://opac.biblio.iteso.mx/vufind/Record/000556443